| 000 | 00717nam a2200229 a 4500 | ||
|---|---|---|---|
| 005 | 20220610152552.0 | ||
| 008 | 041025s2003 mx r 000 0 spa d | ||
| 020 | _a9685374074 | ||
| 035 | _aUPN01000135970 | ||
| 049 | _aCG | ||
| 050 | 4 |
_aZ471 _bC6.5 |
|
| 100 | 1 | _aCole, David | |
| 245 | 1 | 0 |
_aMarketing editorial : _bla guía / _cDavid Cole ; tr. Gabriela Ubaldini. |
| 260 |
_aMéxico : _bFCE : _bCONACULTA, _c2003. |
||
| 300 | _axx, 219 p. | ||
| 440 | 0 | _aLibros sobre libros | |
| 534 |
_pTraducción de: _tThe complete guide to book marketing |
||
| 650 | 4 |
_aLIBROS - _zESTADOS UNIDOS - _xMERCADOTECNIA |
|
| 650 | 4 |
_aLIBROS - _xMERCADOTECNIA |
|
| 650 | 7 |
_aLibros _xIndustria y comercio _2 _916273 |
|
| 905 | _aLibro | ||
| 999 |
_c108121 _d108121 |
||